| 000 | 01052nam0a22002411 4500 | ||
|---|---|---|---|
| 001 | rc\2734558 | ||
| 005 | 20260408075110.0 | ||
| 035 | _a(NLR Aleph) 006861889 | ||
| 090 |
_a6856308 _c6856308 |
||
| 100 | _a20110915d1937 |||y0rusy50 ca | ||
| 101 | 0 | _arus | |
| 102 | _aRU | ||
| 105 | _ay z ||||| | ||
| 200 | 1 |
_aИнструкция по применению антималярийных препаратов и стандарты лечения _eУтв. Бюро Учен. мед. совета Наркомздрава РСФСР... |
|
| 210 |
_a[Ростов-на-Дону] _cАзчериздат _d1937 _gтип. им. Коминтерна |
||
| 215 |
_a14 с. _d22х15 см. |
||
| 300 | _aПерепечатано по заказу Аз.-Чер. крайздрава | ||
| 712 | 0 | 1 |
_aРСФСР _bМинистерство здравоохранения _bУченый медицинский совет _3RU\NLR\AUTH\8810069538 _9640634 |
| 801 | 0 |
_aRU _bNLR _gpsbo |
|
| 801 | 1 |
_aRU _bELAR _2rusmarc |
|
| 852 |
_aNLR _j37-10/1737 |
||
| 942 | _cBOOK | ||
| 980 | _aNB | ||